000 00817nam a2200241Ia 4500
003 GCL
008 140319s9999 xx 000 0 ara d
020 _a5308801977
040 _aGCL /
_cGCL
082 0 4 _a813.09
_bش ا
100 1 _aشاكر عبدالحميد
245 1 0 _aالاسس النفسية للابداع الادبى فى القصة القصيرة خاصة /
_cشاكر عبدالحميد
260 _aالقاهرة :
_bالهيئة المصرية العامة للكتاب ،
_c1992
300 _a463 ص ؛
_c23 سم
490 _aدراسات ادبية
_v0
650 0 4 _aالادب العربى
650 0 4 _aالاسلوب الادبى
650 0 4 _aالقصة القصيرة
650 0 4 _aتأليف
650 0 4 _aتاريخ ونقد
650 0 4 _aالابداع
942 _2ddc
_cBK
999 _c27558
_d27558